Euphorie (notice n° 9574)
[ vue normale ]
| 000 -Label | |
|---|---|
| leader | 00757nam a2200217 4500 |
| 010 ## - ISBN | |
| ISBN | 9973-31-217-1 |
| 099 ## - Informations locales | |
| Type de document | Livre |
| 100 ## - Données générales de traitement | |
| a | 20260324d u||y0frey5050 ba |
| 101 ## - Langue | |
| langue document | français |
| 102 ## - Pays d'édition ou de production | |
| pays d'édition | Tunisie |
| 200 ## - Titre | |
| titre propre | Euphorie |
| type de document | Livre |
| sous-titre | Euphorie écrite entre 1990-1995 |
| auteur | Mohamed Baligh Turki |
| -- | Illustrations Zoubeir Turki |
| auteur secondaire | Participation D'abdelfattah Hachicha |
| 210 ## - Editeur | |
| lieu de publication | Tunis |
| nom de l'éditeur | Dar Abou Nawas |
| date de publication | s.d. [1999] |
| 215 ## - Description | |
| Importance matérielle | 110 p. |
| autres carac. | couv.ill.n.b |
| format | 21x13.5 |
| 606 ## - sujets | |
| sujet | Littérature |
| subdiv. sujet | Littérature tunisienne |
| -- | Poésie |
| -- | Illustrations |
| subdiv. géo. | Tunisie |
| koha internal code | 26466 |
| 700 ## - Auteur | |
| code de fonction | Auteur |
| auteur | Baligh Turki |
| prénom | Mohamed |
| koha internal code | 26438 |
| 701 ## - coauteur | |
| code de fonction | Illustrateur |
| nom | Turki |
| prénom | Zoubeir |
| 702 ## - Auteur secondaire | |
| code de fonction | Coordinateur |
| nom | Hachicha |
| prénom | Abdelfattah |
| koha internal code | 26439 |
| 801 ## - source de catalogage | |
| pays | TN |
| agence de catalogage | 32BIS |
| date de la transaction | 20260324 |
| règles de catalogage utilisées | UNIMARC |
| 830 ## - note | |
| catalogeur | SG |
| Propriétaire | Dépositaire | Localisation | Code barre | Numéro Inventaire | Cote | Note | Statut |
|---|---|---|---|---|---|---|---|
| The 32bis Library | The 32bis Library | Salle de lecture 32BIS | 007385 | 7304 | 841 TUR | Dépôt MAB | Consultable sur place |